Doktorand - doktorandské štipendium a zárobková činnosť

Doktorand v dennej forme štúdia a doktorandské štipendium. Doktorand a zárobková činnosť v pracovnoprávnom vzťahu. Doktorand a zárobková činnosť ako samostatne zárobkovo činná osoba. Povinnosť podať daňové priznanie k dani z príjmov.

Guardado en:
Detalles Bibliográficos
Autor principal: Gášpárová, Eva
Formato: Capítulo de libro
Lenguaje:eslovaco
Materias:
Etiquetas: Agregar Etiqueta
Sin Etiquetas, Sea el primero en etiquetar este registro!

MARC

LEADER 00000naa a2200000 4500
001 0292153
005 20240417075234.0
041 0 |a slo 
044 |a SK 
245 1 0 |a Doktorand - doktorandské štipendium a zárobková činnosť  |c Eva Gášpárová 
520 |a Doktorand v dennej forme štúdia a doktorandské štipendium. Doktorand a zárobková činnosť v pracovnoprávnom vzťahu. Doktorand a zárobková činnosť ako samostatne zárobkovo činná osoba. Povinnosť podať daňové priznanie k dani z príjmov. 
610 2 0 |a štúdium doktorandské 
610 2 0 |a štúdium vysokoškolské 
610 2 0 |a dane z príjmov 
610 2 0 |a zárobky 
610 2 0 |a vzťahy pracovnoprávne 
610 2 0 |a priznania daňové 
610 2 0 |a zákony 
100 1 |a Gášpárová, Eva